La educación popular / (Record no. 54929)

MARC details
000 -LEADER
campo de control de longitud fija 00683nam a22001935i 4500
001 - NÚMERO DE CONTROL
campo de control 54929
003 - IDENTIFICADOR DE NÚMERO DE CONTROL
campo de control ES-MaACL
007 - CAMPO FIJO DE DESCRIPCIÓN FÍSICA--INFORMACIÓN GENERAL
campo de control de longitud fija t|
008 - DATOS DE LONGITUD FIJA--INFORMACIÓN GENERAL
campo de control de longitud fija 951113s1881 sp ||||1| spa d
040 ## - FUENTE DE CATALOGACIÓN
Centro catalogador/agencia de origen CARM
Lengua de catalogación spa
Centro/agencia transcriptor CCPB | SIC
100 1# - ENTRADA PRINCIPAL--NOMBRE DE PERSONA
Nombre de persona García, Pedro de Alcántara,
Fechas asociadas al nombre 1842-1906
9 (RLIN) 54086
245 13 - MENCIÓN DEL TÍTULO
Título La educación popular /
Mención de responsabilidad, etc. Pedro de Alcántara García.
260 ## - PUBLICACIÓN, DISTRIBUCIÓN, ETC.
Lugar de publicación, distribución, etc. Madrid :
Nombre del editor, distribuidor, etc. Librería Universal,
Fecha de publicación, distribución, etc. 1881 (
Fabricante Imprenta de la Biblioteca del Pueblo, á cargo de A. Ruiz de Castroviejo)
300 ## - DESCRIPCIÓN FÍSICA
Extensión 72 p. ;
Dimensiones 17 cm.
490 1# - MENCIÓN DE SERIE
Mención de serie Biblioteca del pueblo ;
Designación de volumen o secuencia 7
830 0# - PUNTO DE ACCESO ADICIONAL DE SERIE-TÍTULO UNIFORME
Título uniforme Biblioteca del pueblo ;
Designación de volumen o secuencia 7
9 (RLIN) 187680
852 ## - LOCALIZACIÓN
Ubicación ES-MaACL
Número de control de estantería T-950-F-3
Holdings
Estatus retirado Estado de pérdida Estado de daño No para préstamo Colección Biblioteca de origen Biblioteca actual Ubicación en estantería Fecha de adquisición Fuente de adquisición Total de préstamos Signatura topográfica completa Código de barras Visto por última vez Precio de reemplazo Tipo de ítem Koha
        Colección de folletos Biblioteca del Ateneo de Madrid Biblioteca del Ateneo de Madrid Depósito folletos 17/01/2008     T-950-F-3 1057723 23/02/2023 23/02/2023 Folleto